Weiter zum Inhalt

Основы предпринимательской деятельности в сфере сервиса учебное пособие

В учебном пособии раскрываются особенности предпринимательской деятельности в сфере сервиса. Содержание посвящено типологии предпринимательства, современным условиям бизнеса, субъектам и объектам бизнеса. Раскрыта процедура основания бизнеса, освещены факторы предпринимательского успеха. Учебное пос...

Ausführliche Beschreibung

Gespeichert in:
Bibliographische Detailangaben
1. Verfasser: Палий Н. С.
Format: Книга
Sprache:Russian
Veröffentlicht: Донецк ДонНУЭТ имени Туган-Барановского 2021
Online Zugang:https://e.lanbook.com/book/202670
https://e.lanbook.com/img/cover/book/202670.jpg
Tags: Tag hinzufügen
Keine Tags, Fügen Sie den ersten Tag hinzu!
LEADER 01858nam0a2200253 i 4500
001 202670
003 RuSpLAN
005 20221220174144.0
008 221220s2021 ru gs 000 0 rus
040 |a RuSpLAN 
041 0 |a rus 
044 |a ru 
080 |a 334.01:338.46(076.6) 
084 |a 65.43я73  |2 rubbk 
245 0 0 |a Основы предпринимательской деятельности в сфере сервиса  |b учебное пособие  |c Палий Н. С. 
260 |a Донецк  |b  ДонНУЭТ имени Туган-Барановского  |c 2021 
300 |a 96 с. 
504 |a Библиогр.: доступна в карточке книги, на сайте ЭБС Лань 
520 8 |a В учебном пособии раскрываются особенности предпринимательской деятельности в сфере сервиса. Содержание посвящено типологии предпринимательства, современным условиям бизнеса, субъектам и объектам бизнеса. Раскрыта процедура основания бизнеса, освещены факторы предпринимательского успеха. Учебное пособие разработано в соответствии с учебным планом направления подготовки студентов 43.03.01 Сервис очной и заочной форм обучения. 
521 8 |a Книга из коллекции ДонНУЭТ имени Туган-Барановского - Сервис и туризм 
100 1 |a Палий Н. С. 
856 4 |u https://e.lanbook.com/book/202670 
856 4 8 |u https://e.lanbook.com/img/cover/book/202670.jpg 
953 |a https://e.lanbook.com/img/cover/book/202670.jpg